U.S. States With the Longest Consecutive Winning Presidential Picks - Statistics

General Stats
  • This quiz has been taken 37 times
  • The average score is 8 of 11
Answer Stats
From # State % Correct
1964-2016 14 Ohio
91%
1828-1880 14 Pennsylvania
91%
1912-1956 12 Arizona
82%
1920-1964 12 Minnesota
82%
1920-1972 14 Illinois
76%
1912-1972 16 New Mexico
76%
1912-1972 16 Nevada
73%
1904-1952 13 Missouri
70%
1952-1996 12 Delaware
52%
1904-1956 14 Idaho
52%
1904-1956 14 Montana
45%
No matching quizzes found
Score Distribution
Percent of People with Each Score
Percentile by Number Answered
Your Score History
You have not taken this quiz